000 01456nam a2200325 c 4500
003 BLK
005 20240303003955.0
008 180409b bul|||||r ||||||| ||bul||
010 _aKNG00140988000
040 _aBLK
041 _aBUL
_cBUL
080 _aБългарска литература
_b821.163.2
_x-7
_z821.163.2-7
700 1 _aАнастасов, Георги
_eил.
_9364356
700 1 _aМаринов, Марко Ганчев
_e*
_9373605
700 _aГанчев, Марко
_gПисател и поет, сатирик, преводач от немски и белоруски
_d1932-
_qМаринов, Марко Ганчев
_eсъстав.
_9267403
139 _aГанчев, Марко
_bГ 22
245 1 0 _aСтихотворен залп
_bХуморист. сб.
_cсъстав. Марко Ганчев; ил. Георги Анастасов; * Марко Ганчев Маринов.
257 _aBGR
260 София
_bПрофиздат
_c1963
300 _a64 с.
_bс ил.
_c18 см
380 _aX
490 1 _aБиблиотека Стършел
_v№ 83
500 _a25 100 тир. - Състав. не е даден на кор.
852 _aЦб І 6253
856 4 _qpdf
_u
856 4 _qpdf
_u
942 _cKNG
_n0
944 _aCR
_c18.03.2013
_lCRON CRON
_k
944 _aED
_c18.03.2013
_l18.03.2013 - от С1,Р / 18.03.2013
_k
999 _c135066
_d135066